| 000 | 004820000a22001930004500 | ||
|---|---|---|---|
| 001 | 004693 | ||
| 003 | MACL | ||
| 005 | 20150804163712.0 | ||
| 008 | 150804b xxu||||| |||| 00| 0 eng d | ||
| 040 |
_aMACL _cMACL |
||
| 041 | _aEnglish | ||
| 082 | _a370/SIN | ||
| 100 |
_aSingh, B.N. _94736 |
||
| 245 |
_aRular Women And Education _cB.N. Singh |
||
| 260 |
_aNew Delhi _c2006 _bVista International Publishing, |
||
| 350 | _a695 | ||
| 650 |
_aEducation _94737 |
||
| 942 |
_k370 _cBK _2ddc |
||
| 999 |
_c16580 _d16580 |
||